Beyond universals in cognitive development
Saved in:
| Main Author: | |
|---|---|
| Format: | Book |
| Language: | English |
| Published: |
Nueva York
Ablex
1980
|
| Edition: | 1a. ed |
| Series: | Publications for the Advancement of Theory and History in Psichology
|
| Subjects: | |
| Tags: |
Add Tag
No Tags, Be the first to tag this record!
|
MARC
| LEADER | 00000nam a2200000 a 4500 | ||
|---|---|---|---|
| 001 | UCJ2961 | ||
| 003 | CL-VaPUC | ||
| 008 | 070119e19800000US |||||||||||||||||eng|d | ||
| 020 | |a 0893910295 | ||
| 082 | 0 | 4 | |a 155.413 |b FEL |2 21 |
| 100 | 0 | |a Feldman, David Henry |e author |9 504039 | |
| 245 | 1 | 0 | |a Beyond universals in cognitive development |
| 250 | |a 1a. ed | ||
| 300 | |a 204 p | ||
| 942 | |c BK | ||
| 945 | |d 20070119 00:00:00 |a lvergara | ||
| 260 | |a Nueva York |b Ablex |c 1980 | ||
| 500 | |a Donación de la Dra. Marianne Peronard Thierry | ||
| 650 | 0 | |a Cognición |9 270347 | |
| 650 | 0 | |a Psicología del niño |9 307305 | |
| 650 | 0 | |a Desarrollo individual |9 307875 | |
| 583 | |a last modification |c 20130419 09:09:57 |k Rodrigo Vera | ||
| 490 | 0 | |a Publications for the Advancement of Theory and History in Psichology | |
| 999 | |c 319087 |d 319085 | ||
| 952 | |0 0 |1 0 |4 0 |6 155_413000000000000_FEL_1980 |7 0 |8 A |9 397325 |a FDOPOS |b FDOPOS |d 2019-11-22 |i 4312902 |o 155.413 FEL 1980 |p 4312902 |r 2025-01-22 |w 2019-11-22 |y BK |k MLA | ||